Vida de Don Gabriel García Moreno

Saved in:
Bibliographic Details
Main Author: Gálvez, Manuel (Author)
Format: Book
Language:Spanish
Published: Buenos Aires Difusión 1942
Edition:1a. ed
Subjects:
Tags: Add Tag
No Tags, Be the first to tag this record!

MARC

LEADER 00000nam a2200000 a 4500
001 UCJ5012
003 CL-VaPUC
008 070124e19420123AG |||||||||||||||||spa|d
082 0 4 |a 923  |b GAR  |2 21 
100 0 |a Gálvez, Manuel  |e author  |9 330142 
245 1 0 |a Vida de Don Gabriel García Moreno 
250 |a 1a. ed 
300 |a 398 p 
942 |c BK 
945 |d 20070124 00:00:00  |a rinostro 
260 |a Buenos Aires  |b Difusión  |c 1942 
600 0 7 |a GARCIA MORENO, GABRIEL  |2 CL-VaPUC  |9 437766 
650 7 |a BIOGRAFIA  |2 CL-VaPUC  |9 504622 
650 0 |a Guerra de la independencia   |9 331979 
651 0 |a Ecuador  |9 258378 
583 |a last modification  |c 20070124 00:00:00  |k Rodrigo Vera 
999 |c 321125  |d 321123 
952 |0 0  |1 0  |4 0  |6 923_000000000000000_GAR_1942  |7 0  |8 X  |9 399791  |a FDOBUD  |b FDOBUD  |d 2019-11-22  |i 1028774  |o 923 GAR 1942  |p 1028774  |r 2019-11-22  |w 2019-11-22  |y BK_X  |k BUD